LEADER 04176nam 2200649Ia 450 001 9910451841503321 005 20200520144314.0 010 $a0-231-52819-1 024 7 $a10.7312/tuck15924 035 $a(CKB)2550000000101816 035 $a(EBL)909461 035 $a(OCoLC)818857065 035 $a(SSID)ssj0000654874 035 $a(PQKBManifestationID)12247020 035 $a(PQKBTitleCode)TC0000654874 035 $a(PQKBWorkID)10674490 035 $a(PQKB)11298208 035 $a(StDuBDS)EDZ0000340794 035 $a(MiAaPQ)EBC909461 035 $a(DE-B1597)459395 035 $a(OCoLC)796815891 035 $a(OCoLC)962409047 035 $a(OCoLC)999362103 035 $a(DE-B1597)9780231528191 035 $a(Au-PeEL)EBL909461 035 $a(CaPaEBR)ebr10563195 035 $a(EXLCZ)992550000000101816 100 $a20111117d2012 uy 0 101 0 $aeng 135 $aur|n|---||||| 181 $ctxt 182 $cc 183 $acr 200 14$aThe China threat$b[electronic resource] $ememories, myths, and realities in the 1950s /$fNancy Bernkopf Tucker 210 $aNew York $cColumbia University Press$dc2012 215 $a1 online resource (313 p.) 300 $aDescription based upon print version of record. 311 $a1-322-52893-4 311 $a0-231-15924-2 320 $aIncludes bibliographical references and index. 327 $tFrontmatter -- $tContents -- $tList of Illustrations -- $tPreface and Acknowledgments -- $tIntroduction: The Myth -- $tPart I. The Players and the Context -- $t1. Eisenhower's World -- $t2. Fire, Brimstone, and John Foster Dulles -- $t3. Constraints -- $tPart II. The Practice -- $t4. Fear of Communism -- $t5. No Inherent Worth -- $t6. Diplomatic Complexities -- $t7. In Moscow's Shadow -- $t8. "The Perils of Soya Sauce" -- $t9. Back to the Strait -- $t10. Waging Cold War -- $tConclusion: The Memory -- $tAbbreviations -- $tNotes -- $tBibliography -- $tIndex 330 $aNancy Bernkopf Tucker confronts the coldest period of the cold war-the moment in which personality, American political culture, public opinion, and high politics came together to define the Eisenhower Administration's policy toward China. A sophisticated, multidimensional account based on prodigious, cutting edge research, this volume convincingly portrays Eisenhower's private belief that close relations between the United States and the People's Republic of China were inevitable and that careful consideration of the PRC should constitute a critical part of American diplomacy. Tucker provocatively argues that the Eisenhower Administration's hostile rhetoric and tough actions toward China obscure the president's actual views. Behind the scenes, Eisenhower and his Secretary of State, John Foster Dulles, pursued a more nuanced approach, one better suited to China's specific challenges and the stabilization of the global community. Tucker deftly explores the contradictions between Eisenhower and his advisors' public and private positions. Her most powerful chapter centers on Eisenhower's recognition that rigid trade prohibitions would undermine the global postwar economic recovery and push China into a closer relationship with the Soviet Union. Ultimately, Tucker finds Eisenhower's strategic thinking on Europe and his fear of toxic, anticommunist domestic politics constrained his leadership, making a fundamental shift in U.S. policy toward China difficult if not impossible. Consequently, the president was unable to engage congress and the public effectively on China, ultimately failing to realize his own high standards as a leader. 606 $aInternational relations 607 $aChina$xForeign relations$zUnited States 607 $aUnited States$xForeign relations$y1953-1961 607 $aUnited States$xForeign relations$zChina 608 $aElectronic books. 615 0$aInternational relations. 676 $a327.73051 700 $aTucker$b Nancy Bernkopf$0478760 801 0$bMiAaPQ 801 1$bMiAaPQ 801 2$bMiAaPQ 906 $aBOOK 912 $a9910451841503321 996 $aThe China threat$92473598 997 $aUNINA LEADER 01312nam2-2200409---450- 001 990001350320203316 005 20050119093025.0 035 $a000135032 035 $aUSA01000135032 035 $a(ALEPH)000135032USA01 035 $a000135032 100 $a20040116d1981----km-y0itay0103----ba 101 0 $aita 102 $aIT 105 $a||||||||001yy 200 1 $a<<1.>> : <> strada di Swann$fMarcel Proust$gtraduzione di Natalia Ginzburg$gcon un saggio di Giovanni Macchia 210 $aTorino$cEinaudi$d1981 215 $aLXXIX, 491 p.$d19 cm. 225 2 $a<> Struzzi$v177 312 $aDu cote de chez Swann 410 0$12001$a<> Struzzi$v177 454 1$12001$aDu cote de chez Swann$913343 461 1$1001000135027$12001$aAlla ricerca del tempo perduto 676 $a843.9 700 1$aPROUST,$bMarcel$0132057 702 1$aGINZBURG,$bNatalia 702 1 $aMACCHIA,$bGiovanni$f<1912-2001> 801 0$aIT$bsalbc$gISBD 912 $a990001350320203316 951 $aVI.4.A. 71/1 (Varie coll. 203/177)$b4489 L.M.$cVarie coll. 959 $aBK 969 $aUMA 979 $aSIAV4$b10$c20040116$lUSA01$h1348 979 $aPATRY$b90$c20040406$lUSA01$h1735 979 $aCOPAT4$b90$c20050119$lUSA01$h0930 996 $aDu cote de chez Swann$913343 997 $aUNISA LEADER 02783nam 2200745 a 450 001 9910785809903321 005 20230617034106.0 010 $a3-11-094497-9 024 7 $a10.1515/9783110944976 035 $a(CKB)2670000000255874 035 $a(EBL)938506 035 $a(OCoLC)843635762 035 $a(SSID)ssj0000560050 035 $a(PQKBManifestationID)12186673 035 $a(PQKBTitleCode)TC0000560050 035 $a(PQKBWorkID)10569228 035 $a(PQKB)10334455 035 $a(MiAaPQ)EBC938506 035 $a(DE-B1597)57165 035 $a(OCoLC)979590782 035 $a(DE-B1597)9783110944976 035 $a(Au-PeEL)EBL938506 035 $a(CaPaEBR)ebr10591537 035 $a(EXLCZ)992670000000255874 100 $a20030411d2003 uy 0 101 0 $aeng 135 $aurcn||||||||| 181 $ctxt 182 $cc 183 $acr 200 10$aNonclassical linear Volterra equations of the first kind$b[electronic resource] /$fA.S. Apartsyn 205 $aReprint 2010 210 $aUtrecht ;$aBoston $cVSP$d2003 215 $a1 online resource (176 p.) 225 0 $aInverse and ill-posed problems series,$x1381-4524 225 0 $aInverse and Ill-Posed Problems Series ;$v39 300 $aDescription based upon print version of record. 311 0 $a3-11-061993-8 311 0 $a90-6764-375-0 320 $aIncludes bibliographical references (p. [153]-165) and index. 327 $tFront matter --$tIntroduction --$tChapter 1. Classical Volterra equations of the first kind --$tChapter 2. Volterra equations of the first kind with two variable integration limits. The case a(t0) < t0 --$tChapter 3. Volterra equations of the first kind with two variable limits of integration. The case a(t0) = t0 --$tBibliography --$tIndex 330 $aThis monograph deals with linear integra Volterra equations of the first kind with variable upper and lower limits of integration. Volterra operators of this type are the basic operators for integral models of dynamic systems. 410 0$aInverse and Ill-Posed Problems Series 606 $aVolterra equations 610 $aComputational Mathematics. 610 $aDynamic Systems. 610 $aFirst Kind. 610 $aIntegra. 610 $aIntegral Models. 610 $aIntegration. 610 $aLimits. 610 $aLinear. 610 $aVolterra Equations. 610 $aVolterra Operators. 615 0$aVolterra equations. 676 $a515/.45 686 $aSK 640$qSEPA$2rvk 700 $aApart?sin$b A. S$01551011 801 0$bMiAaPQ 801 1$bMiAaPQ 801 2$bMiAaPQ 906 $aBOOK 912 $a9910785809903321 996 $aNonclassical linear Volterra equations of the first kind$93810291 997 $aUNINA